000
00282nam a22000977a 4500
008
240516b ||||| |||| 00| 0 eng d
100
_a
Trepel, Scott
245
_a
The City Despatch Post 1842-1852 Issues
260
_b
Robert A. Siegel Auction Galleries Inc
650
_a
City Despatch Post
999
_c
3595
_d
3595